000 00409nam a2200181Ia 4500
001 1323
005 20260306143720.0
008 260306t2011||||xx |||||||||||||| ||spa||
041 _aESP
082 _a194.092
_bB57
100 _aBingemer, Maria Clara
_eAUT
245 0 _aSimone Weil
260 _c2011
300 _a248 páginas :
_c20 cm.
650 _aGEN
654 _aCHU
942 _cLIB
_dJUS
_fJUS
_2ddc
_n
999 _c1323
_d1323